Egyptian Museum, Cairo

محفوظ في:

المؤلف الرئيسي: Sergio Donadoni

التنسيق: كتاب

اللغة: Undetermined

منشور في: New York New York : Newsweek 1968

سلاسل: Great museums of the world.

الموضوعات:

الوسوم: إضافة وسم

لا توجد وسوم, كن أول من يضع وسما على هذه التسجيلة!

رقم الطلب: (F)N3885 .C3E31

LEADER 00605nam a2200181Ia 4500
008 220904s9999||||xx |||||||||||||| ||und||
050 |a (F)N3885 .C3E31 
100 1 |a Sergio Donadoni 
245 1 0 |a Egyptian Museum, Cairo  |c Sergio Donadoni 
264 1 |a New York  |b New York : Newsweek  |c 1968 
300 |a 169p. 
490 0 |a Great museums of the world. 
504 |a Japamese Version 
650 4 |a Egyptian museum (Cairo) 
650 4 |a Mathaf al-Misri. 
942 |2 lcc  |c BK 
952 |0 0  |1 0  |2 lcc  |4 0  |7 1  |9 42742  |a ARCE  |b ARCE  |d 2022-09-04  |l 0  |o (F)N3885 .C3E31  |p 1033479  |r 2022-09-04 00:00:00  |w 2022-09-04  |y BK 
999 |c 49415  |d 49415